000 00477nam a2200169Ia 4500
005 20250425143622.0
008 231217s9999 xx 000 0 und d
020 _a9780768008845
082 _a005.1 MEN;1 R
100 _aMenne, R J Rechs, M N
245 0 _aSystem integration process for accelerated development
260 _c2002
_bSAE
_aWarrendale
300 _avi+253
500 _aContent page available
650 _aintegration,process,accelerated
942 _cAA
999 _c180547
_d180547